000 01419nam a2200313 i 4500
001 bg
245 0 0 _aObszar metropolitalny Łodzi - wyzwania i problemy /
_cpod red. Kazimierza Balda, Tadeusza Markowskiego.
260 _aWarszawa :
_bKPZK PAN,
_c2005.
300 _a171, [2] s., [2] k. tabl. :
_bmapy (w tym kolor.) ;
_c21 cm.
490 1 _aBiuletyn / Polska Akademia Nauk. Komitet Przestrzennego Zagospodarowania Kraju,
_x0079-3493 ;
_vZ. 215
500 _aTyt. równol.: "Metropolitan area of Lodz - challanges and problems". Streszcz. ang. przy art.
504 _aBibliogr. przy art.
650 9 _aPlanowanie przestrzenne
_zPolska
_yod 1989 r.
650 9 _aMiasta
_xplanowanie przestrzenne
_zPolska
_yod 1989 r.
650 9 _aMetropolie (urban.)
_xplanowanie przestrzenne
_zPolska
_yod 1989 r.
650 9 _aUrbanizacja
_zPolska
_yod 1989 r.
651 9 _aŁódź
_xplanowanie przestrzenne
_yod 1989 r.
700 1 _aBALD, Kazimierz.
_eRed.
700 1 _aMARKOWSKI, Tadeusz.
_eRed.
830 0 _aBiuletyn (Polska Akademia Nauk. Komitet Przestrzennego Zagospodarowania Kraju) ;
_vZ. 215
020 _a8389693305
040 _cBPK
041 0 _apol
_beng
080 _a711.4/.8:911.375](438)"1989/..."
920 _a83-89693-30-5
942 _cKS
008 s pl f |000 0 pol
999 _c45746
_d45746
856 _uhttp://koha.tu.koszalin.pl/cgi-bin/koha/opac-detail.pl?biblionumber=45746
_yKatalog online BPK